Statystyki dla Polskie Kabarety

Kliknij tutaj aby rozwiązać quiz!

Ogólne statystyki

  • Ten quiz został rozwiązany 456 razy
  • Średni wynik to 11 z 34

Statystyki odpowiedzi

Pierwsza literaKabaret lub artysta kabaretowy% Poprawnych
AAni Mru Mru
82%
MMłodych Panów
73%
MMoralnego Niepokoju
73%
NNeo-nówka
54%
SSkeczów Męczących
54%
SSmile
53%
PParanienormalni
52%
NNowaki
49%
PPod Wyrwigroszem
41%
CCiach
40%
HHrabi
39%
LLimo
39%
KKoń Polski
37%
JJurki
36%
ŁŁowcy.B
35%
CCzesuaf
28%
KK2
28%
OOTTO
25%
TTey
24%
FFormacja Chatelet
23%
CCezary Pazura
22%
JJerzy Kryszak
21%
AArtur Andrus
20%
GGrupa MoCarta
20%
RRAK
19%
MMarcin Daniec
18%
AAbelard Giza
16%
GGrzegorz Halama
15%
MMumio
8%
KKatarzyna Pakosińska
7%
EEwa Błachnio
5%
SSłuchajcie
5%
SSłoiczek po cukrze
4%
KKałasznikof
2%

Rozkład punktacji

Percentyl według liczby udzielonych odpowiedzi

Procent ludzi z każdym wynikiem

Twoja historia wyników

Nie rozwiązałeś tego quizu